00482 a2200217 4500260001000000630002500010037001300035650002800048100002100076260001400097245003200111300001100143650001900154260000900173300000900182100000700191037001200198440002300210250001300233020001800246 aParis a657 - Comptabilité b1, Achat a6 - SCIENCES APPLIQUEES aColasse, Bernard bEconomica aComptabilité générale a430 p. aComptabilité c1996 b24cm lFr aDE 8716 aCollection Gestion a5e éd. a2-7178-3093-6